| 000 | 01124nam a22002417a 4500 | ||
|---|---|---|---|
| 008 | 251029b |||||||| |||| 00| 0 eng d | ||
| 020 | _a9781804993675 | ||
| 040 | _cTBS | ||
| 041 | _aeng | ||
| 050 |
_aPS3553.H4838 _bI58 2024 |
||
| 100 |
_aChild, Lee _926375 _eauthor |
||
| 245 |
_aIn too deep _c/ Lee Child. |
||
| 260 |
_aLondon, _bTransworld Publishers, _c2024. |
||
| 300 |
_a382 pages ; _c20 cm. |
||
| 490 |
_aJack Reacher novel ; _v29 |
||
| 520 | _aJack Reacher wakes up, alone, in the dark, handcuffed to a bed in a makeshift hospital room. His few possessions are gone. He has no memory of getting there. The last thing he can recall is the car he had hitched a ride in getting run off the road. The driver was killed. The people who staged the attack assume Reacher was the driver's accomplice and patch up his wounds as they plan to make him talk. | ||
| 600 | 0 |
_aReacher, Jack (Fictitious character) _vFiction _926376 |
|
| 650 | 0 |
_aKidnapping _vFiction _926377 |
|
| 650 | 0 |
_aMilitary police _vFiction _926378 |
|
| 650 | 0 |
_aTraffic accidents _vFiction _926379 |
|
| 655 | 0 |
_aThrillers (Fiction) _922669 |
|
| 942 | _2lcc | ||
| 999 |
_c5121 _d5121 |
||